| 000 | 00617nam a2200229 a 4500 | ||
|---|---|---|---|
| 001 | BRL_163 | ||
| 005 | 20190320210621.0 | ||
| 008 | 191012s1947----mx-a######---#000-0#spa-# | ||
| 041 | _aspa | ||
| 044 | _amx | ||
| 050 | 4 |
_aN5310 _b.B63 1947 |
|
| 100 | 1 |
_aBoas, Franz _d1858-1942 _923080 |
|
| 245 | 1 | 0 |
_aEl arte primitivo _cFranz Boas ; versión española de Adrián Recinos. |
| 260 |
_aMéxico _bFCE _c1947 |
||
| 300 |
_a367 p. _bil. _c24 cm. |
||
| 500 | _aAu218 | ||
| 650 | 1 | 4 |
_aArte primitivo _97001 |
| 650 | 1 | 4 |
_aLiteratura primitiva _923081 |
| 700 | 1 |
_aRecinos, Adrián _923082 |
|
| 902 | _aGRL | ||
| 942 |
_2lcc _cB |
||
| 999 |
_c8976 _d8976 |
||